Discurso leído por D. Ramón de la Sagra el día 29 de diciembre de 1839 al terminarse los exámenes de los alumnos del Colegio de Sordo-Mudos de Madrid. (Record no. 164286)

MARC details
000 -LEADER
campo de control de longitud fija 00841nam a22002055i 4500
001 - NÚMERO DE CONTROL
campo de control 164286
003 - IDENTIFICADOR DE NÚMERO DE CONTROL
campo de control ES-MaACL
005 - FECHA Y HORA DE LA ÚLTIMA TRANSACCIÓN
campo de control 20231223063111.0
008 - DATOS DE LONGITUD FIJA--INFORMACIÓN GENERAL
campo de control de longitud fija 991217q1839 sp |||| | spa d
080 ## - NÚMERO DE LA CLASIFICACIÓN DECIMAL UNIVERSAL
Número de la Clasificación Decimal Universal 376.1-053.2-056.263
100 1# - ENTRADA PRINCIPAL--NOMBRE DE PERSONA
Nombre de persona La Sagra, Ramón de,
Fechas asociadas al nombre 1798-1871
9 (RLIN) 101445
245 10 - MENCIÓN DEL TÍTULO
Título Discurso leído por D. Ramón de la Sagra el día 29 de diciembre de 1839 al terminarse los exámenes de los alumnos del Colegio de Sordo-Mudos de Madrid.
260 ## - PUBLICACIÓN, DISTRIBUCIÓN, ETC.
Lugar de publicación, distribución, etc. [Madrid :
Nombre del editor, distribuidor, etc. s.n.,
Fecha de publicación, distribución, etc. 1839?]
300 ## - DESCRIPCIÓN FÍSICA
Extensión 7 p. ;
Dimensiones 21 cm.
530 ## - NOTA DISPONIBLE DE FORMULARIO FÍSICO ADICIONAL
Nota de formato físico adicional disponible Disponible en formato digital.
650 #4 - PUNTO DE ACCESO ADICIONAL DE MATERIA--TÉRMINO DE MATERIA
Término de materia o nombre geográfico como elemento de entrada Niños sordos-
Subdivisión general Educación.
9 (RLIN) 143196
852 4# - LOCALIZACIÓN
Ubicación ES-MaACL
Número de control de estantería T-20-F-4
Nota libre - Enc. hol.
-- - Enc. en un vol. facticio
856 4# - LOCALIZACIÓN Y ACCESO ELECTRÓNICOS
Identificador Uniforme de Recursos <a href="http://bdh-rd.bne.es/viewer.vm?id=0000266174&page=1 ">http://bdh-rd.bne.es/viewer.vm?id=0000266174&page=1 </a>
Nota pública Biblioteca Digital Hispánica
Holdings
Estatus retirado Estado de pérdida Estado de daño No para préstamo Colección Biblioteca de origen Biblioteca actual Ubicación en estantería Fecha de adquisición Total de préstamos Signatura topográfica completa Código de barras Visto por última vez Precio de reemplazo Tipo de ítem Koha
        Colección de folletos Biblioteca del Ateneo de Madrid Biblioteca del Ateneo de Madrid Depósito folletos 17/01/2008   T-20-F-4 1172200 23/02/2023 23/02/2023 Folleto